[Event "SUI Grand Prix"]
[Site "Suhr"]
[Date "1990.??.??"]
[Round "1"]
[White "Dizdarevic, Emir"]
[Black "Huss, Andreas"]
[Result "1-0"]
[WhiteElo "2475"]
[BlackElo "2345"]
[Annotator "Horn,Pe"]
[PlyCount "99"]
[EventDate "1990.??.??"]
[EventType "tourn"]
[EventRounds "9"]
[EventCountry "SUI"]
[EventCategory "9"]
[SourceTitle "CBM 017"]
[Source "ChessBase"]
[SourceDate "1990.08.01"]
[SourceVersion "1"]
[SourceVersionDate "1990.08.01"]
[SourceQuality "1"]

1. Nf3 Nf6 2. g3 d5 3. Bg2 c6 4. d3 Bg4 5. Nbd2 Nbd7 6. O-O e5 7. e4 dxe4 8.
dxe4 Qc7 9. Qe1 Bc5 (9... Nc5 10. Nc4 Nfd7 11. h3 Bh5 12. b4 Ne6 13. a3 f6 14.
c3 Nb6 15. Nfd2 Qf7 16. Na5 $14 {Panno-Kortschnoj, Palma de Mallorca 1972}) 10.
Nc4 Be6 11. Qe2 b5 12. Ncd2 Nb6 $6 (12... O-O) 13. b3 h6 (13... O-O 14. Bb2
Nfd7 15. Ng5) 14. Bb2 Nfd7 15. Nh4 a5 $6 (15... O-O 16. Nf5) 16. Nf5 $14 Rh7 $6
(16... O-O 17. Qg4 $5) 17. Kh1 g6 18. Ne3 h5 19. f4 h4 20. f5 gxf5 21. exf5 Bd5
22. g4 h3 23. Bf3 Bxe3 24. Qxe3 O-O-O 25. Ne4 Rg8 26. Rg1 Rh4 27. Rg3 Bxe4 28.
Qxe4 Nd5 29. Rag1 N5f6 30. Qe3 e4 31. Be2 Ne5 32. Qc5 Nd5 33. Qd4 Nf3 34. Bxf3
exf3 35. Rxf3 Qe7 36. c4 Nc7 37. Re3 Qg5 38. Reg3 bxc4 39. bxc4 Rd8 40. Qf6 Qf4
41. Qxc6 Rd2 42. Bc1 Rxh2+ 43. Kxh2 Qf2+ 44. Kh1 h2 45. Rd1 Qxg3 46. Bg5 Qg1+
47. Rxg1 hxg1=Q+ 48. Kxg1 Rxg4+ 49. Kf2 Rxg5 50. Qf6 1-0

[Event "ARM-ch"]
[Site "Yerevan"]
[Date "2001.09.21"]
[Round "9"]
[White "Anastasian, Ashot"]
[Black "Hachatrian, Vahagn"]
[Result "1-0"]
[WhiteElo "2588"]
[BlackElo "2411"]
[Annotator "Horn,Pe"]
[PlyCount "71"]
[EventDate "2001.09.13"]
[EventType "tourn"]
[EventRounds "10"]
[EventCountry "ARM"]
[EventCategory "11"]
[SourceTitle "CBM 086"]
[Source "ChessBase"]
[SourceDate "2002.02.05"]
[SourceVersion "1"]
[SourceVersionDate "2002.02.05"]
[SourceQuality "1"]

1. Nf3 Nf6 2. g3 d5 3. Bg2 c6 4. O-O Bg4 5. h3 Bh5 6. d3 Nbd7 7. Nbd2 e5 8. e4
dxe4 9. dxe4 Bc5 10. Qe2 O-O 11. a4 a5 12. Nc4 Qc7 13. Bd2 Rfe8 14. Rfd1 b6 15.
Bc3 Bd4 $146 {Selbst in den Flankeneröffnungen fängt die Partie mitunter erst
recht spät an.} (15... Bb4 16. Bxb4 axb4 17. Nd6 (17. Qd2 $14) 17... Red8 18.
Nf5 Nc5 $15 {Bruch,J-Mayer,F/GER 1997}) 16. Bxd4 {eine einfache Lösung.} exd4
17. Rxd4 c5 18. Rdd1 Rxe4 (18... Nxe4 {gefällt mir besser:} 19. g4 (19. Qf1 {
kommt hier auch in Frage.}) 19... Nc3 (19... Bg6 20. Rxd7 Qxd7 21. Nxb6 $16)
20. Qd2 Nxd1 21. Rxd1 Rad8 22. gxh5 Nf6 23. Qc1 Rxd1+ 24. Qxd1 Nxh5 $13) 19.
Qf1 $14 {[%csl Gc4,Gg2] Es zeigt sich, daß trotz der symmetrischen
Bauernstellung Schwarz mit ernsthaften Problemen zu kämpfen hat, da die weißen
Leichtfiguren besser positioniert sind.} Rb8 (19... Rd8) 20. Rd2 Bxf3 (20...
Re6 21. Rad1 $14) 21. Bxf3 Re6 22. Bg2 h5 {Es scheint mir, daß diese Aktivität
die Probleme nur vertieft.} (22... Ne5) 23. Rad1 h4 24. g4 Ne5 25. Nd6 Nc6 (
25... Ng6 26. f4 Ne8 27. Nxf7 $16) 26. Nf5 Nd4 (26... Rbe8) 27. Nxd4 cxd4 28.
Qd3 ({Weniger klar ist} 28. Rxd4 Qxc2 $14) 28... Rbe8 (28... Rd8 29. c3) 29.
Qxd4 Re1+ 30. Rxe1 Rxe1+ 31. Bf1 Qc6 32. Rd1 $1 Re4 (32... Rxd1 33. Qxd1 Qxa4
34. Qd8+ Ne8 35. c4 $18 {[%csl Rb6]}) 33. Qd8+ Re8 (33... Qe8 34. Qxe8+ Rxe8
35. Rd6 $18) 34. Bb5 Qe6 35. Bxe8 Nxe8 36. Qa8 1-0

[Event "Nikolaev zt"]
[Site "Nikolaev"]
[Date "1993.??.??"]
[Round "?"]
[White "Gadjily, Raouf"]
[Black "Guliev, Sarhan"]
[Result "0-1"]
[WhiteElo "2365"]
[BlackElo "2485"]
[Annotator "Horn,Pe"]
[PlyCount "112"]
[EventDate "1993.03.??"]
[EventType "swiss"]
[EventRounds "11"]
[EventCountry "RUS"]
[SourceTitle "CBM 035"]
[Source "ChessBase"]
[SourceDate "1993.08.01"]
[SourceVersion "1"]
[SourceVersionDate "1993.08.01"]
[SourceQuality "1"]

1. Nf3 d5 2. g3 Nf6 3. Bg2 c6 4. O-O Bf5 5. d3 e6 6. Nbd2 h6 7. Qe1 Be7 8. e4
Bh7 9. Qe2 (9. Ne5) 9... O-O 10. Re1 (10. Kh1 {/\ Rg1 Gutman}) (10. e5 Nfd7 11.
Ne1 c5 12. f4 Nc6 13. Ndf3 b5 14. g4 (14. Bh3 Re8 15. Ng2 Bf8 16. g4 Nb6 17.
Qf2 d4 18. Qg3 c4 19. f5 Nd5 20. Kh1 cxd3 21. cxd3 g5 $13 {Barcza-Spiridonov/
Decin/1975}) 14... Rc8 $6 15. Bh3 Qc7 16. Be3 $14 {Lengyel-Nej/Beverwijk/1964})
10... Re8 11. e5 Nfd7 12. Nf1 c5 13. h4 Nc6 14. N1h2 (14. c3 b5 15. Bf4 c4 16.
d4 b4 17. h5 Rb8 18. Ne3 Qa5 $15 {Marjanovic-Raicevic/Vrnjacka Banja/1976})
14... b5 15. Bf4 (15. Ng4) 15... Rc8 16. Ng4 Bf8 17. c3 $6 {><d3} d4 18. cxd4
cxd4 {/\ Nb4} 19. a3 Nc5 20. Rad1 Bf5 21. Ngh2 b4 $1 22. g4 Bh7 23. g5 (23. h5
{/\ g5} Be7) 23... h5 24. Nf1 (24. g6 $2 Bxg6 25. Ng5 f6 $19) 24... bxa3 25.
bxa3 Na4 26. N3d2 $1 (26. Ra1 Nc3 $36) 26... Nc3 27. Qxh5 Nxd1 28. Rxd1 $44
Bxa3 29. Ne4 Bf8 (29... Bxe4 30. Bxe4 g6 31. Bxg6 fxg6 32. Qxg6+ Kh8 33. Qh6+
$10) 30. Nfg3 (30. Nf6+ $2 gxf6 31. gxf6 Bg6 32. Qg5 Kh8 33. Be4 Qd7) 30... Qa5
31. Nf6+ $1 gxf6 32. gxf6 Nxe5 33. Bxe5 Rc5 34. f4 Rec8 35. Be4 Bxe4 36. Nxe4
Rc1 37. Qg4+ Kh8 38. Nd6 (38. Qh5+ Kg8 39. Qg4+ Kh8 (39... Kh7 $2 40. Ng5+ Kg8
41. Nxe6+ Kh8 42. Nxf8 Rxd1+ 43. Qxd1 $18) 40. Qh5+ $10) 38... Rxd1+ 39. Qxd1
Rc7 (39... Bxd6 $2 40. Qh5+ Kg8 41. Qg5+ Kf8 42. Bxd6+ Ke8 43. Qxa5 $18) 40.
Ne4 (40. Qh5+ $2 Kg8 41. Qg4+ Kh7 42. Qh5+ Bh6 $19) 40... Rc6 41. Ng5 $2 (41.
Qh5+ $10) 41... Bh6 $1 42. Nxf7+ Kh7 43. Ng5+ (43. Nxh6 Kxh6 44. f7 Qa3 $19)
43... Bxg5 44. hxg5 Kg6 45. f7 Qa3 (45... Kxf7 46. Qh5+ Ke7 47. Qh7+ Kd8 48.
Qg8+ Kd7 49. Qf7+ Kc8 50. Qe8+ Kb7 51. Qd7+ Kb6 52. Bxd4+ Kb5 53. Qb7+) 46. Kh2
Kxf7 47. Bf6 (47. Qh5+ Ke7 48. Qh7+ Ke8 49. Qg8+ Qf8 $19) 47... Kg8 48. Bxd4 a5
49. Qh5 Rc2+ 50. Kh1 Qc1+ 51. Bg1 Qxf4 52. g6 Rc7 53. Qh3 Qf5 54. Qg3 e5 55. d4
Qe4+ 56. Kh2 Rc2+ 0-1

[Event "RSFSR-ch"]
[Site "Kuibyshev"]
[Date "1990.??.??"]
[Round "?"]
[White "Shcherbakov, Ruslan"]
[Black "Meister, Jakob"]
[Result "1/2-1/2"]
[WhiteElo "2425"]
[BlackElo "2415"]
[Annotator "Horn,Pe"]
[PlyCount "21"]
[EventDate "1990.??.??"]
[EventType "tourn"]
[EventRounds "15"]
[EventCountry "URS"]
[EventCategory "6"]
[SourceTitle "CBM 021"]
[Source "ChessBase"]
[SourceDate "1991.04.01"]
[SourceVersion "1"]
[SourceVersionDate "1991.04.01"]
[SourceQuality "1"]

1. Nf3 d5 2. g3 g6 3. Bg2 Bg7 4. O-O e5 5. d3 Ne7 6. Nbd2 O-O 7. e4 Nbc6 8. c3
a5 9. a4 h6 10. Re1 (10. exd5 $5) 10... d4 11. Nb3 $5 1/2-1/2

[Event "Vilnius zt"]
[Site "Vilnius"]
[Date "1993.??.??"]
[Round "?"]
[White "Sepp, Olav"]
[Black "Lanka, Zigurds"]
[Result "0-1"]
[WhiteElo "2390"]
[BlackElo "2545"]
[Annotator "Horn,Pe"]
[PlyCount "88"]
[EventDate "1993.03.??"]
[EventType "tourn"]
[EventRounds "13"]
[EventCountry "LTU"]
[EventCategory "8"]
[SourceTitle "CBM 035"]
[Source "ChessBase"]
[SourceDate "1993.08.01"]
[SourceVersion "1"]
[SourceVersionDate "1993.08.01"]
[SourceQuality "1"]

1. Nf3 Nf6 2. g3 g6 3. Bg2 Bg7 4. O-O O-O 5. d3 d5 6. Nbd2 b6 7. e4 dxe4 8.
dxe4 Bb7 9. Qe2 (9. Ng5 {/\ f4} h6 10. Nh3) 9... Nfd7 10. Re1 Nc5 11. Nb3 Nbd7
12. Nfd4 e5 13. Nxc5 Nxc5 14. Nb3 Ne6 15. Be3 a5 16. Rad1 Qe7 17. c3 a4 18. Nc1
Kh8 19. Qb5 $6 (19. Qc2 $10) 19... a3 20. b4 Rfd8 21. Qc4 (21. Nb3 Ba6 22. Qc6
Bd3 $17) (21. Qe2 $10) 21... h5 22. Qb3 Rxd1 23. Rxd1 Bc6 {/\ Ba4} 24. b5 Bb7
25. Nd3 {/\ Nb4} (25. Qc2 Ra5) 25... Qe8 26. c4 f5 27. exf5 Bxg2 28. Kxg2 gxf5
29. f4 $2 (29. Re1) (29. f3) (29. Nb4 $2 f4 30. Bc1 Nd4 31. Rxd4 exd4 32. Bxf4
Qe2 $17) 29... exf4 30. Nxf4 (30. Bxf4 Nd4 $19) 30... Nxf4+ 31. Bxf4 Qe2+ $19
32. Kh3 (32. Kh1 Qe4+ 33. Kg1 Bd4+ 34. Kf1 Qh1+ 35. Ke2 Qg2+ 36. Kd3 Rd8 $19)
32... Re8 33. Qd3 (33. Rd2 Qf1+ 34. Kh4 Bf6+ 35. Kxh5 (35. Bg5 Bxg5+ 36. Kxg5
Rg8+ 37. Kf6 Qa1+ $19) 35... Qh3+ 36. Kg6 Rf8 $19) 33... Qg4+ 34. Kg2 Re2+ 35.
Kg1 Rxa2 36. Bxc7 Qxd1+ 37. Qxd1 Ra1 38. Qxa1 Bxa1 39. c5 Bd4+ 40. Kg2 a2 41.
cxb6 a1=Q 42. b7 Qg1+ 43. Kh3 Qf1+ 44. Kh4 Bf6+ 0-1

[Event "Protvino zt"]
[Site "Protvino"]
[Date "1993.??.??"]
[Round "?"]
[White "Ubilava, Elizbar"]
[Black "Sturua, Zurab"]
[Result "0-1"]
[WhiteElo "2530"]
[BlackElo "2565"]
[Annotator "Horn,Pe"]
[PlyCount "100"]
[EventDate "1993.03.??"]
[EventType "tourn"]
[EventRounds "9"]
[EventCountry "RUS"]
[EventCategory "10"]
[SourceTitle "CBM 035"]
[Source "ChessBase"]
[SourceDate "1993.08.01"]
[SourceVersion "1"]
[SourceVersionDate "1993.08.01"]
[SourceQuality "1"]

1. Nf3 d5 2. g3 c6 3. Bg2 Nf6 4. O-O Bg4 5. d3 Nbd7 6. Nbd2 e5 7. h3 Bh5 8. Nh4
(8. e4) 8... Bc5 9. c4 $146 (9. c3 O-O (9... a5 $1) 10. b4 Bb6 11. c4 Re8 12.
g4 Bd4 13. Rb1 Nxg4 $2 14. hxg4 Qxh4 15. gxh5 e4 16. dxe4 dxe4 17. Nxe4 Rxe4
18. Bxe4 Qxe4 19. Rb3 $18 {Chernov-Neverov/Ukraine/1991}) (9. Qe1 O-O 10. e4
Re8 11. Nb3 Bb6 12. a4 a5 13. Be3 Nf8 14. Kh1 dxe4 15. dxe4 Ne6 $13 {
Hickl-Torre/Zagreb izt/1987}) (9. Rb1 a5 10. c3 a4 11. b4 axb3 12. axb3 O-O 13.
b4 $13 {Forintos-I.Polgar/Baja/1971}) 9... O-O 10. g4 Bg6 11. Nxg6 hxg6 12. Nb3
Bb6 13. g5 (13. cxd5 Nxd5 14. e4 N5f6 15. Qc2 $10) 13... dxc4 (13... Nh7 14.
cxd5 cxd5 15. Bxd5 Nxg5 16. Bg2) 14. dxc4 (14. gxf6 cxb3 15. fxg7 Kxg7 16. Qxb3
$10) 14... Ne8 15. Qd3 Qe7 16. Rd1 (16. Qe4 Nd6 17. Qg4) 16... Rd8 17. Be3 Nc7
18. h4 Ne6 19. Qe4 Bxe3 20. Qxe3 (20. fxe3 Nec5 21. Nxc5 Nxc5 $17) 20... Nf4
21. Qxa7 $2 (21. Bf1 Qe6 22. Qf3 $13) 21... Qe6 $1 {/\ Qg4} 22. Qe3 (22. Bf3 $2
e4 $19) 22... Qg4 23. Qf3 Qxh4 24. e3 Nxg2 25. Kxg2 (25. Qxg2 Qxc4 $19 (25...
e4 $5 {/\ Ne5})) 25... Qxg5+ 26. Qg3 Qxg3+ 27. Kxg3 Nb8 28. Na5 b6 29. Nb7 Rc8
30. Rd2 Rc7 31. Nd6 Rd8 32. Rad1 Rcd7 33. Ne4 Kf8 34. b4 Ke7 35. Rxd7+ Nxd7 36.
Nc3 g5 37. a4 f5 38. e4 Nf6 39. Rxd8 f4+ 40. Kh3 g4+ 41. Kh4 Kxd8 42. Nd1 Kc7
43. Kg5 g3 44. fxg3 Nxe4+ 45. Kg4 Nxg3 46. Nf2 Kd6 47. a5 bxa5 48. bxa5 Nf1 49.
Ne4+ Kc7 50. Kf5 Ng3+ 0-1

[Event "Ubeda op 5th"]
[Site "Ubeda"]
[Date "2000.01.27"]
[Round "9"]
[White "Paragua, Mark"]
[Black "Arizmendi Martinez, Julen Luis"]
[Result "1/2-1/2"]
[WhiteElo "2368"]
[BlackElo "2445"]
[Annotator "Horn,Pe"]
[PlyCount "131"]
[EventDate "2000.01.19"]
[EventType "swiss"]
[EventRounds "10"]
[EventCountry "ESP"]
[SourceTitle "CBM 075"]
[Source "ChessBase"]
[SourceDate "2000.04.05"]
[SourceVersion "1"]
[SourceVersionDate "2000.04.05"]
[SourceQuality "1"]

1. Nf3 Nf6 2. g3 d5 3. Bg2 c6 4. O-O Bf5 5. d3 e6 6. Nbd2 h6 7. Qe1 Be7 8. b3
a5 9. a4 Na6 10. e4 Bh7 11. Qe2 Nb4 12. Ne1 O-O 13. Bb2 b5 {[%cal Yb5a4,Yf6d7,
Yd7c5] Ein Zug unter vielen, aber recht logiach: Schwarz plant eine Expansion
am Damenflügel.} (13... Nd7) (13... Qb6) (13... Qc7) (13... Ne8) (13... Re8) (
13... Qb8) (13... c5) (13... dxe4 14. dxe4 Nd7) (13... Rc8) 14. f4 (14. exd5
exd5 15. Ndf3 Re8 16. Qd2 Bd6 17. Nd4 Qb6 $11 {Miles,A-Short,N/London 1982}) (
14. Kh1 bxa4 15. Rxa4 Nd7 16. Ra1 Bf6 17. d4 Qb6 18. c3 Na6 19. Nd3 $14 {
Anic,D-Kovacevic,V/Solin 1998}) 14... bxa4 (14... Qb6+ 15. Kh1 dxe4 16. dxe4
Rad8 17. Nb1 Na6 18. Na3 $14 {Akesson,R-Zabihi,A/Dortmund 1980}) 15. Rxa4 Nd7
16. Qg4 $2 $146 {Es scheint, daß Weiß hier schon das zweifelhafte Vorgehen im
nächsten Zug plante.} (16. Kh1 $142 Nc5 17. Ra1 f5 (17... a4 18. c3 Nba6 19. b4
$14) 18. exd5 exd5 19. c3 Nba6 20. Nef3 $14 {Norwood,D-Levitt,J/Amantea 1992})
16... Bf6 ({Vielleicht wäre Weiß ein Remis recht gewesen:} 16... Nf6 17. Qe2)
17. e5 {[%csl Gh7] Macht den Bh7 stark und beschleunigt das schwarze Spiel am
Damenflügel.} Be7 18. Qe2 Nc5 19. Ra1 a4 (19... Nxc2 20. Nxc2 Bxd3 21. Qd1 Bxf1
22. Qxf1 $13) 20. d4 ({Bescheidener wäre} 20. bxa4 Nxa4 21. Rb1 (21. Ba3 Bc5+
22. Kh1 Nxd3 23. cxd3 Nc3 24. Qf3 Bxa3 $17) 21... Nxb2 22. Rxb2 Qb6+ 23. Kh1
Ra2 24. Rxa2 Nxa2 $15 {gewesen.}) 20... axb3 $1 21. dxc5 Rxa1 22. Bxa1 bxc2 {
[%csl Gc2] Der gut unterstützte Pc2 ist eine mehr als ausreichende
Kompensation.} (22... Bxc5+ 23. Kh1 bxc2) 23. Nb3 Qa8 $1 ({Bei Bedarf hätte
Schwarz auch gleich einen 3. Bauern kassieren können. Er setzt aber zurecht
auf ein Eindringen der Figuren am Damenflügel.} 23... Bxc5+ $143 24. Kh1 Qb6)
24. Qe3 Rb8 $1 (24... Qa2 25. Bd4 $14 (25. Nf3 $2 Bd3 $19)) 25. Bc3 ({Auch bei
} 25. Nf3 Qa3 {[%cal Rb4d3] muß Weiß letztlich eine Figur zurückgeben, z.B.:}
26. Bd4 Nd3 27. Nc1 Rb1 28. Ne2 Rxf1+ 29. Bxf1 c1=Q 30. Nxc1 Qxc1 $19) 25...
Na2 26. Bd2 $8 Qa3 $19 27. Rf3 (27. Nd4 c1=Q $19) 27... Be4 ({Eleganter war} 
27... c1=Q 28. Bxc1 Nxc1 29. Qxc1 Rxb3 30. Qxa3 Rxa3 31. Rxa3 Bxc5+ $19) 28.
Nxc2 Bxc2 29. Nd4 Rb1+ (29... Qa4 $19) 30. Rf1 Qxc5 (30... Rxf1+ 31. Bxf1 Qa4
$19 {[%cal Ye7c5]}) 31. Qf2 Bd3 (31... Rb2 $5) 32. Rxb1 Bxb1 33. Be3 Qc3 34.
Bd2 Qa1 $2 {Schwarz ist großzügig gestimmt; es bestand keine Notwendigkeit,
die Hälfte des Mehrbesitzes wieder herauszurücken.} ({Nach} 34... Qc4 $19 {
sollte sich die 2 Mehrbauern ohne große Mühen in einen Gewinn umsetzen lassen.}
) 35. Nxc6 Bd3+ 36. Qe1 $8 Bc5+ 37. Kh1 Qb2 ({Konsequent wäre jetzt} 37...
Qxe1+ 38. Bxe1 Bb5 39. Nd8 Nc1 {gewesen, wonach Schwarz ausgezeichnete
Gewinnaussichten besitzt.}) 38. Be3 Qc2 (38... Bxe3 39. Qxe3 Qc3) 39. Nd4 Qc4 (
39... Bxd4 40. Bxd4 Be4 41. Bxe4 dxe4 $17) 40. Nf3 Be4 41. Nd2 Bxg2+ 42. Kxg2
Qc3 43. Bxc5 Qxc5 44. Nf3 Nb4 45. Qf2 Qxf2+ $2 ({Ohne Damentausch hätte
Schwarz bessere Chancen.} 45... Qc4 $17) 46. Kxf2 Nc6 47. Ke3 $15 {Das Spiel
kann Schwarz trotz des Freibauern nicht leicht gewinnen: der Kg8 nimmt bislang
nicht am Spiel teil. Es ist deutlich, daß dieses Endspiel für Weiß viel
weniger günstig ist, als das oben angegebene nach 37..Qxe1+.} f6 48. g4 {
Weiß unterbindet ein Eindringen am Königsflügel.} fxe5 49. fxe5 g5 50. Kd3 Kf7
51. Kc3 Ke8 52. Kb3 Kd7 53. Ka4 Ne7 54. Kb5 Ng6 55. Kb6 Nh4 56. Ne1 Ng6 57. Nf3
Nf4 58. h4 gxh4 59. Nxh4 Nd3 60. Nf3 Nf2 61. g5 h5 62. g6 Ng4 63. g7 Nh6 64.
Kc5 Ke7 65. Kc6 Ng8 66. Kc5 1/2-1/2

[Event "Rishon Le Ziyyon YM"]
[Site "Rishon Le Ziyyon"]
[Date "1995.??.??"]
[Round "1"]
[White "Goldin, Alexander"]
[Black "Mikhalevski, Victor"]
[Result "0-1"]
[WhiteElo "2580"]
[BlackElo "2525"]
[Annotator "Horn,Pe"]
[PlyCount "100"]
[EventDate "1995.02.??"]
[EventType "tourn"]
[EventRounds "11"]
[EventCountry "ISR"]
[EventCategory "11"]
[SourceTitle "CBM 046"]
[Source "ChessBase"]
[SourceDate "1995.06.01"]
[SourceVersion "1"]
[SourceVersionDate "1995.06.01"]
[SourceQuality "1"]

1. Nf3 Nf6 2. g3 g6 3. Bg2 Bg7 4. O-O O-O 5. d3 d5 6. Nbd2 Nc6 7. c3 a5 8. a4
h6 9. h3 e5 (9... b6 10. Qc2 e5 11. e4 dxe4 12. Nxe4 Nxe4 13. dxe4 Ba6 14. Rd1
Qe7 $10 {Sher-Mikhalchishin/Ptuj/1993}) 10. e4 dxe4 11. dxe4 Be6 12. Qe2 Nd7
13. b3 Re8 14. Nc4 Qc8 15. Kh2 (15. Ba3 $5 Nb6 (15... Bf8) 16. Nxb6 cxb6 17.
Kh2 (17. Nd2 Bxh3 18. Nc4 Bxg2 19. Kxg2 Qe6 (19... Qc7 20. Bd6) 20. Nxb6 Rad8
21. Nd5 $13) 17... Bxb3 18. Qb5 $13) 15... Nc5 16. Ba3 Nxb3 $5 17. Rab1 b5 18.
axb5 a4 19. Rfd1 (19. bxc6 Qa6 20. Nfd2 Nxd2 21. Qxd2 Bxc4) 19... Nca5 20.
Ncxe5 (20. Nxa5 Nxa5 21. Nd2) 20... Kh7 {/\ f6} 21. Qc2 (21. c4 $2 f6) 21...
Nc4 (21... f6 22. Nd3 Nc4 23. Bb4 $13) 22. Nxc4 Bxc4 23. Nd4 (23. Bf1 $5) 23...
Nxd4 24. cxd4 Bb3 25. Rxb3 axb3 26. Qxb3 $44 Qe6 27. Qxe6 $6 (27. d5 Qe5 28. f4
(28. Rc1 $5) 28... Qc3 29. Qxc3 Bxc3 30. Bc5 $14) 27... fxe6 28. Bc5 Ra2 29.
Kg1 $2 (29. d5 exd5 30. Rxd5) 29... Rc2 {Now the black pieces cooperate nicely.
} 30. e5 (30. b6 cxb6 31. Bxb6 Rb8 32. Bc5 Rd8) (30. f4 e5 31. fxe5 Bxe5) 30...
Bxe5 31. Be4 Rc3 32. dxe5 Rxc5 33. Rd7+ Kh8 34. Bc6 (34. Bxg6 Ra8) 34... Rc8
35. f4 g5 36. Kf2 (36. f5 $2 Rxe5) 36... gxf4 37. gxf4 Rc3 38. Re7 (38. f5 $1
exf5 (38... Rf8 39. f6 Rc5 (39... Rxh3 40. Be4 Rc8 41. Rh7+ Kg8 42. f7+ Kf8 43.
Rh8+ Kxf7 44. Rxc8) 40. Be4 Rxe5 41. Rh7+ $10) 39. e6 Re8 (39... Kg8 40. e7 Kf7
41. Rd8 $18) 40. e7 (40. Rxc7 Rxe6 41. b6 Rexc6 42. b7 Rxc7 43. b8=Q+ $10)
40... Kg7 41. Rxc7 Kf6 $1 42. b6 Rxe7 43. b7 Rxc7 (43... Rb3 44. Rc8 $10) 44.
b8=Q R3xc6 45. Qf8+ $10) (38. Rf7 Kg8 39. Rf6 Rf8) 38... Rf8 39. Rxc7 (39. Rxe6
Rxf4+ 40. Kg2 Rb4 $19) 39... Rxf4+ 40. Ke2 Rb4 41. Rc8+ Kg7 42. Rc7+ Kf8 43.
Rc8+ Ke7 44. Rc7+ Kd8 45. Rd7+ Kc8 46. Kd2 Rxh3 47. Kc2 Rg3 48. Rd2 Kc7 49. Bd7
Rc4+ 50. Kb2 Rc5 0-1

[Event "Horgen SKA"]
[Site "Horgen"]
[Date "1994.??.??"]
[Round "4"]
[White "Hickl, Joerg"]
[Black "Fioramonti, Hung"]
[Result "1-0"]
[WhiteElo "2535"]
[BlackElo "2415"]
[Annotator "Horn,Pe"]
[PlyCount "57"]
[EventDate "1994.09.??"]
[EventType "tourn"]
[EventRounds "11"]
[EventCountry "SUI"]
[EventCategory "10"]
[SourceTitle "CBM 043"]
[Source "ChessBase"]
[SourceDate "1994.12.01"]
[SourceVersion "1"]
[SourceVersionDate "1994.12.01"]
[SourceQuality "1"]

1. g3 d5 2. Bg2 g6 3. Nf3 Bg7 4. O-O e5 5. d3 Ne7 6. c4 c6 7. Na3 (7. Nbd2 O-O
8. Rb1 (8. Qc2 h6 9. Rb1 Be6 10. b4 Nd7 11. b5 c5 12. cxd5 Nxd5 13. a3 $13 {
Matveeva-Zaid/Leningrad zt/1991}) 8... a5 (8... f5 9. cxd5 (9. b4 $5) 9... cxd5
10. b4 e4 11. Ne1 Nd7 12. Nb3 h6 13. Nc2 $13 {Dornieden-Kauder/BL/1982}) 9. b3
b5 (9... h6 10. a3 Be6 11. b4 axb4 12. axb4 Nd7 13. Bb2 b5 $132 {
Alterman-Zagorovski/URS-ch/1967}) 10. Bb2 f6 11. e4 d4 12. cxb5 cxb5 $13 {
Kavalek-Ciric/Wijk/1969}) (7. cxd5 cxd5 8. Nc3 O-O 9. Bd2 (9. Qb3 Nbc6 10. Bg5
f6 11. Bd2 Kh8 12. Rfd1 b6 13. Rac1 Bb7 14. Ne1 Nd4 $15 {Starr-Gaprindashvili/
Malaysia izt/1990}) 9... Nbc6 $10) (7. e4 O-O 8. Nc3 h6 9. cxd5 cxd5 10. exd5
Nxd5 11. d4 exd4 12. Nxd4 Nxc3 13. bxc3 $14 {Romanishin-Sveshnikov/Cheliabinsk/
1974}) 7... O-O 8. Rb1 a5 (8... h6 9. b3 (9. b4 $5) 9... Be6 10. Bb2 Nd7 11.
cxd5 cxd5 $10 {Borik-Heidrich/BL/1983}) 9. b3 h6 10. Nc2 Be6 11. Bb2 Qc7 (11...
Nd7 $10) 12. e3 Na6 13. Qe2 Nb4 14. a3 Nxd3 15. Qxd3 dxc4 $2 (15... e4 16. Qe2
exf3 17. Bxf3 Bxb2 18. Rxb2 a4 $10) 16. bxc4 e4 17. Qxe4 Bf5 18. Qf4 Qxf4 19.
gxf4 Bxc2 20. Bxg7 Kxg7 (20... Bxb1 $4 21. Bxf8 $18) 21. Rxb7 $18 Rfe8 22. Ne5
Rac8 23. Rc1 Ba4 24. Bh3 f5 25. Bg2 Rb8 26. Rcb1 Rxb7 27. Rxb7 Kf6 28. Nd7+ Kf7
29. Nb6 1-0

[Event "RUS-Cup03 Geller Memorial"]
[Site "Moscow"]
[Date "1999.02.08"]
[Round "7"]
[White "Goletiani, Rusudan"]
[Black "Maljutin, Evgeni"]
[Result "0-1"]
[WhiteElo "2310"]
[BlackElo "2440"]
[Annotator "Horn,Pe"]
[PlyCount "58"]
[EventDate "1999.02.10"]
[EventType "swiss"]
[EventRounds "9"]
[EventCountry "RUS"]
[SourceTitle "CBM 070"]
[Source "ChessBase"]
[SourceDate "1999.06.08"]
[SourceVersion "1"]
[SourceVersionDate "1999.06.08"]
[SourceQuality "1"]

1. Nf3 d5 2. b3 c6 3. Bb2 Bf5 4. g3 h6 5. Bg2 e6 6. O-O Nf6 7. d3 Bc5 8. Nbd2
O-O 9. Ne5 Nbd7 10. Nxd7 Nxd7 11. e4 Bh7 12. Qe2 a5 (12... Re8 13. a4 Qa5 14.
Qg4 Bf8 15. Rfd1 Rad8 16. Nf1 e5 17. Qe2 Bb4 18. Ne3 d4 19. Nc4 Qc7 20. Bh3 $14
{Damljanovic,B-Djukic,Z/Cetinje 1990}) 13. a3 Qb6 $146 (13... Re8 14. h3 Nf6
15. e5 Nd7 16. Kh2 Bf8 17. f4 Qc7 18. g4 b5 19. Rac1 Rac8 $11 {Petran,
P-Vavruska,D/CZE-chT9495}) (13... Nf6 14. Kh1 dxe4 15. dxe4 Bd4 16. c3 Bc5 17.
Rfd1 Qb6 18. f3 Rfd8 19. b4 $14 {Larsen,B-Frias,V/London 1990}) 14. exd5 {
Weiß will den schwarzen Zug taktisch widerlegen.} cxd5 (14... exd5 $4 15. Qg4
$18) 15. Qg4 Bg6 $1 (15... d4 16. Nc4 $16 {[%csl Rd4]} Qa7 $140 $2 17. b4 $1)
16. Bxd5 {Konsequent, aber auch riskant: nach der Hergabe des Bg2 bleiben die
weißen Felder am Königsflügel langfristig schwach.} h5 17. Qa4 exd5 18. Qxd7
Rad8 19. Qa4 Rfe8 $44 {Eine spannende Stellung: für den geopferten P hat
Schwarz ausgezeichnet postierte Figuren und Angriffsoptionen auf den
geschwächten weißen Feldern des Königsflügels.} 20. Bc3 (20. d4 {gefällt mir
besser: Weiß bringt seinen (einzigen) Trumpf (den Mehrbauern) ins Spiel und
befreit sich von dem lästigen Druck gegen f2.} Bf8 21. c4) 20... Ra8 21. Qf4 (
21. Nf3 Re2 22. Nd4 Bxd4 23. Bxd4 Qa6 {[%cal Rb7b5]} 24. Qd7 Rxc2 $15) (21. d4
Bf8 22. Rfe1 Rxe1+ 23. Rxe1 Bxc2 $17) 21... Rac8 22. Qa4 Re2 $1 {Schwarz ist
nicht mit Remis zufrieden.} 23. d4 Bf8 24. Bxa5 Qa6 25. Qd7 Qxa5 26. Qxc8 Qxd2
27. Qxb7 Be4 28. Rad1 $2 {Danach ist es sofort aus.} ({Am hartnäckigsten war
wohl} 28. Qb5 Qxc2 (28... Qe3 $2 {[%cal Re3f3]} 29. Qd3 $1 (29. fxe3 $2 Rg2+
30. Kh1 Rxg3+ 31. Rf3 Bxf3#) 29... Bxd3 30. fxe3 Rxc2 31. Rf2 $14) 29. Rac1 Qb2
30. Rc8 Rc2 $1 31. Rxc2 (31. Re8 Rc1 32. Qb4 Rxf1+ 33. Kxf1 Qb1+ 34. Ke2 (34.
Qe1 Qxb3 $19) 34... Qd3+ 35. Ke1 Bf3 $19) (31. Rxf8+ $5 Kxf8 32. Qb8+ Ke7 33.
Qe5+ Kd7 34. Qxg7 Bg6 $19 {Angesichts der weißfeldrigen Schwächen bilden die 3
P kein ausreichendes Gegengewicht für den Bg6.}) 31... Qxc2 32. a4 Qc3 33. Qe2
Qxb3 34. a5 $17) (28. Qc8 Qe3 29. Qf5 Qxd4 $19) 28... Qc3 $19 29. Rd3 Qxc2 0-1